Magnetoseismology (Record no. 18926)

MARC details
000 -LEADER
fixed length control field 00602nam a2200193Ia 4500
003 - CONTROL NUMBER IDENTIFIER
control field IN-BaIIA
008 - FIXED-LENGTH DATA ELEMENTS--GENERAL INFORMATION
fixed length control field 211028s9999 xx 000 0 eng d
020 ## - INTERNATIONAL STANDARD BOOK NUMBER
International Standard Book Number 978-3-527-41027-9
040 ## - CATALOGING SOURCE
Transcribing agency IIA Library
080 ## - UNIVERSAL DECIMAL CLASSIFICATION NUMBER
Universal Decimal Classification number 551.510.5
Item number MEN
100 ## - MAIN ENTRY--PERSONAL NAME
Personal name Menk, Frederick W
9 (RLIN) 36151
245 #0 - TITLE STATEMENT
Title Magnetoseismology
Remainder of title ground-based remote sensing of earth's magnetosphere
Statement of responsibility, etc. Colin L. Waters and Frederick W. Menk
260 ## - PUBLICATION, DISTRIBUTION, ETC.
Place of publication, distribution, etc. Weinheim
Name of publisher, distributor, etc. Wiley-VCH
Date of publication, distribution, etc. 2013
300 ## - PHYSICAL DESCRIPTION
Extent xxviii, 251p.
650 ## - SUBJECT ADDED ENTRY--TOPICAL TERM
Topical term or geographic name entry element Magnetosphere
9 (RLIN) 3270
650 ## - SUBJECT ADDED ENTRY--TOPICAL TERM
Topical term or geographic name entry element Magnetospheric physics
9 (RLIN) 36152
700 ## - ADDED ENTRY--PERSONAL NAME
Personal name Waters, Colin L
9 (RLIN) 36153
942 ## - ADDED ENTRY ELEMENTS (KOHA)
Koha item type Books
Holdings
Withdrawn status Lost status Damaged status Not for loan Home library Current library Shelving location Date acquired Source of acquisition Cost, normal purchase price Total Checkouts Full call number Barcode Date last seen Cost, replacement price Price effective from Koha item type Purchase Price
        IIA Library-Bangalore IIA Library-Bangalore General Stacks 05/11/2014 INT 5682.00   551.510.5/ MEN 19848 05/11/2021 5682.00 05/11/2014 Books Rs. 5682.00

Powered by Koha